Dopasuj miasto do państwa-Europa część 2 - Statystyki

Ogólne statystyki
  • Ten quiz został rozwiązany 785 razy
    73 od ostatniego zresetowania
  • Średni wynik to 12 z 18
Statystyki odpowiedzi
Miasto Państwo % Poprawnych
Bydgoszcz Polska
100%
Charków Ukraina
87%
Drezno Niemcy
85%
Berno Szwajcaria
82%
Palermo Włochy
82%
Nantes Francja
77%
Aalborg Dania
75%
Groningen Holandia
68%
Vigo Hiszpania
65%
Vaduz Liechtenstein
63%
Galway Irlandia
59%
Warna Bułgaria
52%
Turku Finlandia
52%
Mostar Bośnia i Hercegowina
46%
Patras Grecja
46%
Gyor Węgry
45%
Limerick Irlandia
41%
Bielce Mołdawia
30%
Nie znaleziono quizów pasujących do podanych kryteriów
Rozkład punktacji
Procent ludzi z każdym wynikiem
Percentyl według liczby udzielonych odpowiedzi
Twoja historia wyników
Nie rozwiązałeś tego quizu od ostatniego zresetowania